000 00534cam a2200169 a 4500
001 000011188
005 20250501133637.0
008 840621s1966 ck a 000 0 spa
040 _aDO-SdBNP
_bspa
_cBNPHU
082 _a613.94
_bE82p
245 0 0 _aEstudios de planificación familiar /
_ctraducción, Mercedes de Torres.
260 _aBogotá :
_bTercer Mundo,
_c[1966?].
300 _a293 p. :
_bil. ;
_b24 cm.
650 0 _aControl de la natalidad
_926740
650 4 _aControl natal
_926741
700 1 _aTorres, Mercedes,
_etr.
_926742
999 _c10910
_d10910